00289nam a2200109Ia 4500008004100000100003500041245004700076260002500123300000900148942000700157999001500164190216s9999||||xx |||||||||||||| ||und|| aKulshreshtha & Guptha S C 0aPrctical Problems In Management Accounting bSahitya Bhawanc1988 a492p cBK c5314d5314